000 00607nam a2200193 a 4500
001 000028125
005 20240412074253.0
008 110406s2000 dr 000 j spa d
040 _aDO-SdBNP
_bspa
_cBNPHU
082 _aRD 863.44
_bG887u
100 1 _aGrullón, Ruddy,
_d1932-
_938449
245 1 0 _aLas universitarias también se quedan solas /
_cRuddy Grullón.
260 _aSanto Domingo :
_bAltamar,
_c2000.
300 _a25 p. ;
_c20 cm.
590 _aInventariado, 2019/BT
650 0 _aCuentos dominicanos
_9176
650 0 _aLiteratura dominicana.
_967
910 _aValidado. Control de calidad EMS
999 _c27617
_d27617